Mystical dimensions of Islam / (Record no. 4532)

MARC details
000 -LEADER
fixed length control field 00537 a2200181 4500
010 ## - LCCN (DPL NO)
LC control number ENG-86388
020 ## - INTERNATIONAL STANDARD BOOK NUMBER
International Standard Book Number 8190363492
Terms of availability 495.00
035 ## - SYSTEM CONTROL NUMBER
System control number EN-69921
037 ## - SOURCE OF ACQUISITION
Source of stock number/acquisition DBAD / PUB
082 14 - DEWEY DECIMAL CLASSIFICATION NUMBER
Classification number 270
100 ## - MAIN ENTRY--PERSONAL NAME
Personal name Schimmel, Annemarie
245 1# - TITLE STATEMENT
Title Mystical dimensions of Islam /
Statement of responsibility, etc by Annemarie Schimmel
260 ## - PUBLICATION, DISTRIBUTION, ETC. (IMPRINT)
Place of publication, distribution, etc New Delhi
Name of publisher, distributor, etc Yoda Press
Date of publication, distribution, etc 1975
270 ## - ADDRESS
Address G-93, Connaught Circus
City New Delhi
State or province New Delhi
Postal code 110 001
300 ## - PHYSICAL DESCRIPTION
Extent xxv, 512p.
Dimensions 23cm (pbk)
500 ## - GENERAL NOTE
General note Includes index
942 ## - ADDED ENTRY ELEMENTS (KOHA)
Institution code [OBSOLETE] dpl
Item type English Books
Source of classification or shelving scheme Dewey Decimal Classification
Classification part 270
Call number suffix SCH
Holdings
Withdrawn status Lost status Not for loan Collection code Home library Current library Source of acquisition Cost, normal purchase price Full call number Barcode Copy number Cost, replacement price Koha item type
    Not For Loan Non-fiction D.B.Act.Division D.B.Act.Division DBAD/PUB 495.00 270 SCH EN-69921 1 495.00 English Books

© Delhi Public Library
Hit Counter
free hit counter